003150000a2200073000450024500880000004100140008810000250010277301140012710aBiodiversidad de anfibios y reptiles en el páramo: una visión eco-fisiológica0 aEspañol1 aNavas, Carlos Arturo1 tRevista de la Academia Colombiana de Ciencias Exactas, Fisicas y Naturales332hSupl. Esp.q465-474d1999g23